September 2010 : Retail automation special, 10 workflow auto (Record no. 139634)

000 -LEADER
fixed length control field 00275nmm a2200097Ia 4500
008 - FIXED-LENGTH DATA ELEMENTS--GENERAL INFORMATION
fixed length control field 220120s9999||||xx |||||||||||||||||und||
020 ## - INTERNATIONAL STANDARD BOOK NUMBER
International Standard Book Number 81-7656-300-5
100 ## - MAIN ENTRY--PERSONAL NAME
Personal name PCQ
245 #0 - TITLE STATEMENT
Title September 2010 : Retail automation special, 10 workflow auto
260 ## - PUBLICATION, DISTRIBUTION, ETC.
Place of publication, distribution, etc. Cyber tech
Name of publisher, distributor, etc. New Delhi
Holdings
Withdrawn status Lost status Damaged status Not for loan Home library Current library Date acquired Barcode Date last seen Price effective from Koha item type
        Central Library Central Library 01/20/2022 CD1185 01/20/2022 01/20/2022 Compact Disc

Powered by Koha